Miracles in a doctor's life. (Record no. 13222)

000 -LEADER
fixed length control field 00650nam a2200205 a 4500
001 - CONTROL NUMBER
control field :::00011040$&:&@@
003 - CONTROL NUMBER IDENTIFIER
control field OkBaRHE
005 - DATE AND TIME OF LATEST TRANSACTION
control field 20000607103405.0
008 - FIXED-LENGTH DATA ELEMENTS--GENERAL INFORMATION
fixed length control field s1935 j 000 0 eng u
040 ## - CATALOGING SOURCE
Transcribing agency
100 1# - MAIN ENTRY--PERSONAL NAME
Personal name Wilson, Walter Lewis, 1881-
245 10 - TITLE STATEMENT
Title Miracles in a doctor's life.
260 ## - PUBLICATION, DISTRIBUTION, ETC. (IMPRINT)
Place of publication, distribution, etc Chicago, IL., :
Name of publisher, distributor, etc The Bible Institute Colportage Association
Date of publication, distribution, etc c1935
300 ## - PHYSICAL DESCRIPTION
Extent 121 p. ;
Dimensions 17 p.
650 ## - SUBJECT ADDED ENTRY--TOPICAL TERM
Topical term or geographic name as entry element Christian Life
650 ## - SUBJECT ADDED ENTRY--TOPICAL TERM
Topical term or geographic name as entry element Sermons
General subdivision American
650 ## - SUBJECT ADDED ENTRY--TOPICAL TERM
Topical term or geographic name as entry element Witness Bearing (Christianity)
942 ## - ADDED ENTRY ELEMENTS (KOHA)
Source of classification or shelving scheme
Koha item type Books
Copies
Not for loan Damaged status Shelving location Permanent Location Date acquired Koha item type Price effective from Date last seen Copy number Withdrawn status Full call number Lost status Barcode Source of classification or shelving scheme
  General StacksRHEMA Bible Training College2010-04-14Books2010-04-142010-04-141 BV 4520 .W52 11040